Methods of environmental and social impact assessment /
Сохранить в:
| Другие авторы: | , |
|---|---|
| Формат: | |
| Язык: | английский |
| Опубликовано: |
New York :
Routledge, Taylor & Francis Group,
2018.
|
| Редактирование: | 4th ed. |
| Серии: | Natural and built environment series
|
| Предметы: | |
| Метки: |
Добавить метку
Нет меток, Требуется 1-ая метка записи!
|
MARC
| LEADER | 00000cam a2200000 i 4500 | ||
|---|---|---|---|
| 001 | 19547181 | ||
| 003 | MU | ||
| 005 | 20220713045819.0 | ||
| 008 | 170310s2018 nyu b 000 0 eng | ||
| 020 | |a 9781138647671 (pbk) | ||
| 020 | |a 9781138647671 (pbk) | ||
| 040 | |a MU Library |b eng |e AACR |c MU Library | ||
| 042 | |a pcc | ||
| 050 | 0 | 0 | |a TD194.68.G7 |b M48 2018 |
| 082 | 0 | 0 | |a 333.714 MET |2 22 |
| 130 | 0 | |a Methods of environmental impact assessment | |
| 245 | 1 | 0 | |a Methods of environmental and social impact assessment / |c edited by Riki Therivel and Graham Wood. |
| 250 | |a 4th ed. | ||
| 264 | 1 | |a New York : |b Routledge, Taylor & Francis Group, |c 2018. | |
| 300 | |a xv, 724 p.: |c ill.; 25 cm. | ||
| 336 | |a text |b txt |2 rdacontent | ||
| 337 | |a unmediated |b n |2 rdamedia | ||
| 338 | |a volume |b nc |2 rdacarrier | ||
| 490 | 0 | |a Natural and built environment series | |
| 504 | |a Includes bibliographical references and index. | ||
| 505 | |a 1 Introduction 2 Water 3 Soils, land and geology 4 Air 5 Climate and climate change 6 Ecology 7 Coastal ecology and geomorphology 8 Ecosystem services 9 Noise 10 Transport 11 Landscape and visual 12 Cultural heritage 13 Socio-economic impacts 1: Overview and economic impacts 14 Socio-economic impacts 2: Social impacts 15 Land acquisition, resettlement and livelihoods 16 Health 17 Resource efficiency 18 Risk and risk assessment 19 Cumulative effects 20 Environmental and social management plans | ||
| 650 | 0 | |a Environmental impact analysis |z Great Britain. | |
| 650 | 0 | |a Environmental impact analysis |z European Union countries. | |
| 700 | 1 | |a Therivel, Riki, |d 1960- |e editor. | |
| 700 | 1 | |a Wood, Graham |e editor | |
| 906 | |a 7 |b cbc |c orignew |d 1 |e ecip |f 20 |g y-gencatlg | ||
| 942 | |2 ddc |c BK |n 0 | ||
| 999 | |c 157 |d 157 | ||